[Event "1. liga V 24/25, BSS-Grygov"]
[Site ""]
[Date "2025.03.02"]
[Round "9.1"]
[White "Piesik, Piotr"]
[Black "Biolek, Richard"]
[Result "1-0"]
[WhiteFideId "1136194"]
[BlackFideId "319996"]
[WhiteElo "2434"]
[BlackElo "2405"]
[PlyCount "0"]
[WhiteTeam "BSS Frydek-Mistek B"]
[BlackTeam "A64 PROCLIENT Grygov"]
[EventDate "2024.10.20"]

1. d4 d5 2. c4 e6 3. Nc3 Nf6 4. cxd5 exd5 5. Bg5 c6 6. e3 Be7 7. Bd3 Nbd7 8.
Nge2 Ne4 9. Bxe7 Nxc3 10. Bxd8 Nxd1 11. Kxd1 Kxd8 12. b4 Nb6 13. Kd2 Bd7 14.
a4 Nc8 15. b5 Nd6 16. Rab1 Ke7 17. Nc3 Bf5 18. Bxf5 Nxf5 19. a5 Ke6 20. a6
bxa6 21. bxc6 Ne7 22. c7 Rhc8 23. Rb7 Kd7 24. Rc1 Kc6 25. Rb2 Kd7 26. Ra1 Rxc7
27. Rxa6 Rac8 28. Nb5 Rb8 29. Rb1 Nc8 30. Nxc7 Rxb1 31. Nxd5 Rg1 32. g3 Rg2
33. Ke2 Rxh2 34. Nc3 h5 35. Nb5 h4 36. gxh4 Rxh4 37. Nxa7 Nd6 38. Nc6 f6 39.
Nb4 Nc8 40. Nd3 Rg4 41. Nc5+ Kc7 42. Kf3 Rg1 43. d5 Rd1 44. Rc6+ Kb8 45. e4
Ne7 46. Rb6+ Kc7 47. Rb7+ Kd6 48. Ke2 Ra1 49. Nd3 Ra8 50. Ke3 Ra4 51. Nb2 Ra3+
52. Kd4 1-0

[Event "1. liga V 24/25, BSS-Grygov"]
[Site ""]
[Date "2025.03.02"]
[Round "9.2"]
[White "Biolek, Richard"]
[Black "Gnojek, Petr"]
[Result "1/2-1/2"]
[WhiteFideId "300756"]
[BlackFideId "371807"]
[WhiteElo "2336"]
[BlackElo "2416"]
[PlyCount "0"]
[WhiteTeam "A64 PROCLIENT Grygov"]
[BlackTeam "BSS Frydek-Mistek B"]
[EventDate "2024.10.20"]

1. e4 d6 2. d4 Nf6 3. Nc3 g6 4. f4 Bg7 5. Nf3 O-O 6. Be3 b6 7. Qd2 Bb7 8. e5
Nd5 9. Nxd5 Bxd5 10. Be2 e6 11. O-O Nd7 12. Rfd1 Qe7 13. c4 Bb7 14. Qc2 Rad8
15. Qb3 f6 16. Qa3 1/2-1/2

[Event "1. liga V 24/25, BSS-Grygov"]
[Site ""]
[Date "2025.03.02"]
[Round "9.3"]
[White "Mica, Marek"]
[Black "Sluka, Radek"]
[Result "1-0"]
[WhiteFideId "382884"]
[BlackFideId "305456"]
[WhiteElo "2382"]
[BlackElo "2311"]
[PlyCount "0"]
[WhiteTeam "BSS Frydek-Mistek B"]
[BlackTeam "A64 PROCLIENT Grygov"]
[EventDate "2024.10.20"]

1. d4 g6 2. Nf3 Bg7 3. g3 f5 4. c4 Nf6 5. Bg2 O-O 6. O-O d6 7. Nc3 c6 8. Qb3
h6 9. Re1 g5 10. c5+ Kh8 11. d5 cxd5 12. Nxd5 Nc6 13. Nxf6 Bxf6 14. Rd1 Kg7
15. cxd6 e5 16. h4 g4 17. d7 Bxd7 18. Qxb7 Rf7 19. Nxe5 Bxe5 20. Bxc6 Bxc6 21.
Bxh6+ Kxh6 22. Qxc6+ Qf6 23. Qxa8 Bxb2 24. Rab1 Bd4 25. e3 Bb6 26. Rbc1 Kg7
27. Qb8 Qe6 28. Qf4 Qxa2 29. Qg5+ Kh7 30. Rd6 Rg7 31. Qh5+ 1-0

[Event "1. liga V 24/25, BSS-Grygov"]
[Site ""]
[Date "2025.03.02"]
[Round "9.4"]
[White "Zurek, Milan"]
[Black "Rabatin, Jakub"]
[Result "0-1"]
[WhiteFideId "300241"]
[BlackFideId "329517"]
[WhiteElo "2317"]
[BlackElo "2307"]
[PlyCount "0"]
[WhiteTeam "A64 PROCLIENT Grygov"]
[BlackTeam "BSS Frydek-Mistek B"]
[EventDate "2024.10.20"]

1. d4 Nf6 2. c3 g6 3. Nf3 Bg7 4. h3 d6 5. Bf4 O-O 6. e3 Nbd7 7. Bh2 b6 8. a4
a5 9. Na3 Bb7 10. Be2 Re8 11. O-O e5 12. Qb3 Qe7 13. Nb5 Rac8 14. Na7 Ra8 15.
Nb5 Rac8 16. Na7 Ra8 17. Nb5 e4 18. Nd2 Nf8 19. c4 Ne6 20. Rac1 Nd7 21. c5
bxc5 22. d5 c4 23. Qc2 Bxd5 24. Bxc4 Bxc4 25. Qxc4 Bxb2 26. Rc2 Be5 27. Nxe4
Bxh2+ 28. Kxh2 Ndc5 29. Nec3 c6 30. Nd4 d5 31. Qa2 Nxd4 32. exd4 Na6 33. Re2
Qd6+ 34. Kg1 Nb4 35. Qd2 Rxe2 36. Qxe2 Qe6 37. Qd2 Re8 38. Na2 Nxa2 39. Qxa2
Rb8 40. Qd2 Rb4 41. Re1 Qf6 42. Re5 Kg7 43. Qe3 Rxa4 44. Kh2 Ra2 45. f4 a4 46.
Re8 Rb2 47. Qe5 Qxe5 48. dxe5 a3 49. Ra8 a2 50. Kg3 d4 51. Kf3 d3 52. g4 d2 0-1

[Event "1. liga V 24/25, BSS-Grygov"]
[Site ""]
[Date "2025.03.02"]
[Round "9.5"]
[White "Paseka, Matyas"]
[Black "Obsivac, Josef"]
[Result "1/2-1/2"]
[WhiteFideId "23703296"]
[BlackFideId "303690"]
[WhiteElo "2302"]
[BlackElo "2248"]
[PlyCount "0"]
[WhiteTeam "BSS Frydek-Mistek B"]
[BlackTeam "A64 PROCLIENT Grygov"]
[EventDate "2024.10.20"]

1. e4 c5 2. Nf3 Nc6 3. d4 cxd4 4. Nxd4 e5 5. Nb5 d6 6. N1c3 a6 7. Na3 Be7 8.
Nc4 b5 9. Ne3 Nf6 10. g3 h5 11. h4 Nd4 12. Bg2 Rb8 13. Ncd5 Nxd5 14. exd5 g6
15. c3 Nf5 16. Nc2 a5 17. a4 Bd7 18. axb5 Rxb5 19. Na3 Rc5 20. Bd2 O-O 21. O-O
Qb8 22. Rb1 Qa7 23. Nc2 Rfc8 24. Ne3 Qb7 25. b4 axb4 26. Rxb4 Rb5 27. Rxb5
Qxb5 28. Qb1 Nxe3 29. Bxe3 Bf8 1/2-1/2

[Event "1. liga V 24/25, BSS-Grygov"]
[Site ""]
[Date "2025.03.02"]
[Round "9.6"]
[White "Bokhnak, Timofey"]
[Black "Holeksa, Zdenek"]
[Result "1/2-1/2"]
[WhiteFideId "14172976"]
[BlackFideId "316261"]
[WhiteElo "2300"]
[BlackElo "2263"]
[PlyCount "0"]
[WhiteTeam "A64 PROCLIENT Grygov"]
[BlackTeam "BSS Frydek-Mistek B"]
[EventDate "2024.10.20"]

1. e4 c5 2. Nf3 d6 3. Bb5+ Nd7 4. O-O Ngf6 5. Re1 a6 6. Bf1 b5 7. a4 Bb7 8.
axb5 axb5 9. Rxa8 Qxa8 10. e5 Bxf3 11. Qxf3 Qxf3 12. gxf3 Nxe5 13. Bxb5+ Kd8
14. Kg2 g5 15. Nc3 Ng6 16. Kf1 Nh4 17. Be2 Nd7 18. d3 Ne5 19. f4 Nef3 20. Bxf3
Nxf3 21. Re4 f5 22. Ra4 g4 23. Kg2 Ne1+ 24. Kf1 Nxc2 25. Ne2 Bg7 26. Ng3 e6
27. Ra8+ Ke7 28. Ra7+ Kf8 29. Nh5 Rg8 30. Ra6 Bd4 31. Rxd6 Rg6 32. Ng3 Ke7 33.
Ra6 Nb4 34. Ra7+ Kd6 35. Rxh7 Nxd3 36. Be3 Bxb2 37. Rb7 Rf6 38. Ke2 Kc6 39.
Rb8 c4 40. Rxb2 Nxb2 41. Bd4 Rh6 42. Bxb2 Rxh2 43. Ke3 Kb5 44. Bd4 Kb4 45. Kd2
Kb3 46. Ne2 Rh3 47. Be3 Kb4 48. Kc2 Rh2 49. Bd2+ Kc5 50. Kc3 Kd5 51. Be3 Rh3
52. Kd2 Ke4 53. Nc3+ Kf3 54. Ne2 Kg2 55. Nd4 e5 56. Ne2 exf4 57. Nxf4+ Kf3 58.
Ne2 Rh2 59. Nd4+ Ke4 60. Ne2 Rh3 61. Ng3+ Ke5 62. Ne2 Rf3 63. Ng1 Rxe3 64.
fxe3 Ke4 65. Ne2 Kf3 66. Nd4+ Ke4 67. Ne2 Kf3 68. Nd4+ Ke4 69. Ne2 1/2-1/2

[Event "1. liga V 24/25, BSS-Grygov"]
[Site ""]
[Date "2025.03.02"]
[Round "9.7"]
[White "Weissmann, Lukas"]
[Black "Vanek, Ladislav"]
[Result "0-1"]
[WhiteFideId "315087"]
[BlackFideId "324647"]
[WhiteElo "2097"]
[BlackElo "2219"]
[PlyCount "0"]
[WhiteTeam "BSS Frydek-Mistek B"]
[BlackTeam "A64 PROCLIENT Grygov"]
[EventDate "2024.10.20"]

1. e4 e6 2. d4 d5 3. e5 c5 4. c3 Nc6 5. Nf3 Qb6 6. Bd3 cxd4 7. O-O Bd7 8. Re1
Rc8 9. h4 Nge7 10. h5 h6 11. Nbd2 dxc3 12. bxc3 Na5 13. Rb1 Qc7 14. Qe2 Qxc3
15. Bb2 Qc7 16. Rec1 Nec6 17. Qe3 a6 18. Bd4 Be7 19. Bb6 Qb8 20. Qf4 Bd8 21.
Bc5 Be7 22. Bb6 O-O 23. Re1 Bd8 24. Bc5 Be7 25. Bb6 Nc4 26. Nxc4 dxc4 27. Bxc4
Nb4 28. Qd2 Rxc4 29. Qxd7 Nd5 30. Red1 Qe8 31. Qxb7 Nc3 32. Rd7 Nxb1 33. Rxe7
Qc6 34. Ba5 Rc1+ 35. Kh2 Qxb7 36. Rxb7 Nc3 37. a3 Nd5 38. Nd2 Rc5 39. Nb3 Rb5
40. Rxb5 axb5 41. Nd4 Ra8 42. Bb4 Nxb4 43. axb4 Ra4 0-1

[Event "1. liga V 24/25, BSS-Grygov"]
[Site ""]
[Date "2025.03.02"]
[Round "9.8"]
[White "Sochor, Stanislav"]
[Black "Trojan, Matyas"]
[Result "1-0"]
[WhiteFideId "308749"]
[BlackFideId "23710764"]
[WhiteElo "2126"]
[BlackElo "2126"]
[PlyCount "0"]
[WhiteTeam "A64 PROCLIENT Grygov"]
[BlackTeam "BSS Frydek-Mistek B"]
[EventDate "2024.10.20"]

1. d4 d5 2. Nf3 Nf6 3. Bf4 c5 4. e3 Nc6 5. c3 Bf5 6. dxc5 a5 7. Bb5 Bd7 8. O-O
e6 9. b4 axb4 10. Bxc6 Bxc6 11. cxb4 b6 12. Nd4 Ba4 13. Qc1 bxc5 14. bxc5 Rc8
15. Qa3 Bd7 16. Bd6 Bxd6 17. cxd6 O-O 18. Nd2 e5 19. N4f3 Re8 20. Rfc1 Re6 21.
Nb3 Ng4 22. Nc5 Rxd6 23. Nb7 1-0

[Event "1. liga V 24/25, Poruba-Orlova"]
[Site ""]
[Date "2025.03.02"]
[Round "9.1"]
[White "Niedbala, Bartlomiej"]
[Black "Zylka, Stanislaw"]
[Result "1/2-1/2"]
[WhiteFideId "21834008"]
[BlackFideId "1189654"]
[WhiteElo "2377"]
[BlackElo "2346"]
[PlyCount "0"]
[WhiteTeam "SK Slavoj Poruba B"]
[BlackTeam "SK Slavia Orlova"]
[EventDate "2024.10.20"]

1. e4 e5 2. Nf3 Nf6 3. Nxe5 d6 4. Nd3 Nxe4 5. Qe2 Qe7 6. Nf4 Nc6 7. Nd5 Nd4 8.
Nxe7 Nxe2 9. Nd5 Nd4 10. Bd3 Nc5 11. Nxc7+ Kd7 12. Nxa8 Nxd3+ 13. cxd3 Nc2+ 14.
Kd1 Nxa1 15. b4 b5 16. Bb2 Bb7 17. Rg1 Nb3 18. Nb6+ axb6 19. axb3 Be7 20. Bd4
Ra8 21. Kc2 Ra2+ 22. Bb2 Ra8 23. Bd4 Ra2+ 24. Bb2 Ra8 25. Bd4 1/2-1/2

[Event "1. liga V 24/25, Poruba-Orlova"]
[Site ""]
[Date "2025.03.02"]
[Round "9.2"]
[White "Tomaszewski, Kacper"]
[Black "Rasik, Vitezslav"]
[Result "0-1"]
[WhiteFideId "1127373"]
[BlackFideId "300306"]
[WhiteElo "2332"]
[BlackElo "2421"]
[PlyCount "0"]
[WhiteTeam "SK Slavia Orlova"]
[BlackTeam "SK Slavoj Poruba B"]
[EventDate "2024.10.20"]

1. d4 d6 2. Nf3 g6 3. e4 Nf6 4. Nbd2 Bg7 5. Bb5+ Nc6 6. d5 a6 7. Ba4 b5 8. c3
Nb8 9. Bc2 c6 10. dxc6 Nxc6 11. O-O O-O 12. a4 b4 13. c4 Nd7 14. Nb3 Nde5 15.
Nxe5 Nxe5 16. c5 dxc5 17. Qxd8 Rxd8 18. Nxc5 Nc6 19. Bd1 Bd4 20. Nb3 Ba7 21.
Bh6 Be6 22. Bc2 Nd4 23. Nxd4 Bxd4 24. Bc1 Rac8 25. Bd3 a5 26. Bb5 Rc2 27. Bd3
Bxb2 28. Bxc2 Bxa1 29. Be3 Bc3 30. Bb6 Rd2 31. Bb1 b3 32. h4 b2 33. Kh2 Bc4 34.
Rh1 Bb3 35. Kg3 Bxa4 36. Be3 Rd1 37. Rxd1 Bxd1 38. Bc5 e5 39. Ba3 Kg7 40. f3
Bd4 41. f4 Kf6 42. f5 gxf5 43. exf5 h5 44. Bf8 Bg4 0-1

[Event "1. liga V 24/25, Poruba-Orlova"]
[Site ""]
[Date "2025.03.02"]
[Round "9.3"]
[White "Barski, Radoslaw"]
[Black "Sramek, Vojtech"]
[Result "1-0"]
[WhiteFideId "1131710"]
[BlackFideId "358681"]
[WhiteElo "2388"]
[BlackElo "2233"]
[PlyCount "0"]
[WhiteTeam "SK Slavoj Poruba B"]
[BlackTeam "SK Slavia Orlova"]
[EventDate "2024.10.20"]

1. e4 c5 2. Nf3 d6 3. Bb5+ Nd7 4. a4 Ngf6 5. Nc3 g6 6. a5 Bg7 7. O-O a6 8. Be2
O-O 9. d3 b5 10. axb6 Nxb6 11. Nd2 a5 12. f4 Bb7 13. Bf3 e6 14. Nc4 Nxc4 15.
dxc4 Qb6 16. Ra3 Qa6 17. Qe2 d5 18. e5 Nd7 19. cxd5 Qxe2 20. Bxe2 Bxd5 21. Nxd5
exd5 22. Bf3 Nb6 23. Rb3 Rab8 24. Rb5 a4 25. Rxc5 Rfc8 26. Rxc8+ Rxc8 27. b3
axb3 28. cxb3 Rc3 29. Bb2 Rxb3 30. Bd4 Bf8 31. Rc1 Rb4 32. Bxb6 Rxb6 33. Rc7
Re6 34. Bxd5 Re7 35. Rc8 Kg7 36. Kf2 Rd7 37. Bc4 h5 38. Kf3 Be7 39. Ke4 Rd2 40.
Rc7 Kf8 41. Kf3 h4 42. g4 hxg3 43. hxg3 Rb2 44. g4 Rb6 45. Ke4 f6 46. Rc8+ Kg7
47. Rg8+ Kh7 48. Re8 Rb7 49. Kd5 fxe5 50. fxe5 Bb4 51. Kc6 Rg7 52. Ra8 Be7 53.
Rb8 Kh6 54. Be6 Kg5 55. Bd7 Ba3 56. Rb3 Be7 57. Kd5 Bf8 58. Rb7 Ba3 59. e6 Be7
60. Be8 Kf6 61. Bf7 Ba3 62. Rb3 Bf8 63. Rf3+ Ke7 64. g5 Kd8 65. Kc6 Be7 66.
Rd3+ Kc8 67. Rd7 Bxg5 68. e7 Bxe7 69. Rxe7 Kb8 70. Kb6 1-0

[Event "1. liga V 24/25, Poruba-Orlova"]
[Site ""]
[Date "2025.03.02"]
[Round "9.4"]
[White "Husek, Martin"]
[Black "Velicka, Petr"]
[Result "1/2-1/2"]
[WhiteFideId "384054"]
[BlackFideId "300659"]
[WhiteElo "2236"]
[BlackElo "2342"]
[PlyCount "0"]
[WhiteTeam "SK Slavia Orlova"]
[BlackTeam "SK Slavoj Poruba B"]
[EventDate "2024.10.20"]

1. e4 e5 2. Nf3 Nc6 3. Bb5 Nf6 4. d3 Bc5 5. Bxc6 dxc6 6. Nbd2 O-O 7. Qe2 Re8 8.
Nc4 Nd7 9. h4 f6 10. h5 Nf8 11. Bd2 Be6 12. Be3 Bxc4 13. Bxc5 Bf7 14. O-O-O Ne6
15. Be3 c5 16. Nh4 Nd4 17. Qg4 Be6 18. Nf5 Qd7 19. Bxd4 exd4 20. h6 g6 21. Qg3
Bxf5 22. exf5 g5 23. Rde1 Qd6 24. Qf3 c6 25. Re4 Re5 26. Rhe1 Rae8 27. b3 Rxe4
28. Rxe4 Kf8 29. Kd2 Re7 30. Rxe7 Kxe7 31. Qe4+ Kd8 32. Ke2 a5 33. g3 Qf8 34.
Qe6 Kc7 35. a4 Qxh6 36. Qe7+ Kb6 37. Qd8+ Ka6 38. Qa8+ Kb6 39. Qd8+ Ka6 40.
Qa8+ Kb6 41. Qd8+ 1/2-1/2

[Event "1. liga V 24/25, Poruba-Orlova"]
[Site ""]
[Date "2025.03.02"]
[Round "9.5"]
[White "Walter, Szymon"]
[Black "Kostka, Vit"]
[Result "1/2-1/2"]
[WhiteFideId "1172590"]
[BlackFideId "349232"]
[WhiteElo "2326"]
[BlackElo "2203"]
[PlyCount "0"]
[WhiteTeam "SK Slavoj Poruba B"]
[BlackTeam "SK Slavia Orlova"]
[EventDate "2024.10.20"]

1. e4 c5 2. Nc3 e6 3. Nf3 Nc6 4. d4 cxd4 5. Nxd4 Nf6 6. Ndb5 Bb4 7. a3 Bxc3+ 8.
Nxc3 d5 9. Bd3 dxe4 10. Nxe4 Nxe4 11. Bxe4 Qxd1+ 12. Kxd1 e5 13. Be3 Be6 14.
Ke1 Rc8 15. c3 b6 16. Bxc6+ Rxc6 17. Rd1 Ke7 18. f4 exf4 19. Bxf4 Rd8 20. Rxd8
1/2-1/2

[Event "1. liga V 24/25, Poruba-Orlova"]
[Site ""]
[Date "2025.03.02"]
[Round "9.6"]
[White "Lojek, Marek"]
[Black "Malik, Jan"]
[Result "0-1"]
[WhiteFideId "358649"]
[BlackFideId "317500"]
[WhiteElo "2127"]
[BlackElo "2243"]
[PlyCount "0"]
[WhiteTeam "SK Slavia Orlova"]
[BlackTeam "SK Slavoj Poruba B"]
[EventDate "2024.10.20"]

1. e4 c5 2. Nf3 a6 3. c4 Nc6 4. Nc3 d6 5. h3 e5 6. d3 g6 7. Nd5 Bg7 8. Be3 Nge7
9. Bg5 h6 10. Bf6 Bxf6 11. Nxf6+ Kf8 12. g4 Qa5+ 13. Nd2 Nd4 14. Bg2 g5 15. O-O
Ng6 16. Nd5 h5 17. f3 Be6 18. Nb3 Nxb3 19. axb3 Qd8 20. Nc3 Kg7 21. Ne2 Rh7 22.
Ng3 Qf6 23. Nxh5+ Rxh5 24. gxh5 Nf4 25. Kf2 Qh6 26. Rh1 Qxh5 27. Qd2 Rh8 28.
Rag1 Qh4+ 29. Ke3 Nh5 30. Bf1 Ng3 31. Rxg3 Qxg3 32. Qh2 Qf4+ 33. Qxf4 exf4+ 34.
Kd2 Kf6 35. d4 cxd4 36. Kd3 Ke5 37. Bg2 a5 38. Bf1 b6 39. Bg2 Rh4 40. Bf1 g4
41. fxg4 Bxg4 42. Rg1 Bxh3 43. Be2 Be6 44. Rg5+ f5 45. exf5 Bxf5+ 46. Kd2 Rh2
47. Ke1 Ke4 48. Kd1 d3 49. Bf1 Rh1 0-1

[Event "1. liga V 24/25, Poruba-Orlova"]
[Site ""]
[Date "2025.03.02"]
[Round "9.8"]
[White "Kubos, Rostislav"]
[Black "Caletka, Radomir"]
[Result "1/2-1/2"]
[WhiteFideId "316938"]
[BlackFideId "321133"]
[WhiteElo "2083"]
[BlackElo "2173"]
[PlyCount "0"]
[WhiteTeam "SK Slavia Orlova"]
[BlackTeam "SK Slavoj Poruba B"]
[EventDate "2024.10.20"]

1. Nf3 d5 2. e3 Nf6 3. c4 c6 4. Nc3 e6 5. b3 Nbd7 6. Bb2 Bd6 7. Qc2 Qe7 8. Be2
O-O 9. O-O b6 10. d4 Bb7 11. Rfe1 Rac8 12. e4 dxe4 13. Nxe4 Nxe4 14. Qxe4 Nf6
15. Qh4 Ba3 16. Bc3 Bb4 17. Bxb4 Qxb4 18. Ne5 c5 19. Bd3 Rfd8 20. Bxh7+ Nxh7
21. Qe7 Rf8 22. Qxb7 cxd4 23. Nc6 Rxc6 24. Qxc6 Nf6 25. Qf3 Rd8 26. Rad1 Qa5
27. Qe2 d3 28. Qd2 Qf5 29. Re3 Ne4 30. Rxd3 Rxd3 31. Qxd3 Qxf2+ 32. Kh1 Qf4 33.
Qf3 Qe5 34. g4 g6 35. h4 Kg7 36. Kg2 Qb2+ 37. Kg1 Qe5 38. g5 f5 39. Rd7+ Kg8
40. Rd8+ Kf7 41. Qd3 Nc5 42. Qd4 1/2-1/2

[Event "1. liga V 24/25, Chotebor-Orlova"]
[Site ""]
[Date "2025.03.23"]
[Round "10.1"]
[White "Brozka, Karel"]
[Black "Zylka, Stanislaw"]
[Result "1/2-1/2"]
[WhiteFideId "398705"]
[BlackFideId "1189654"]
[WhiteElo "2321"]
[BlackElo "2346"]
[PlyCount "0"]
[WhiteTeam "TJ CHS Chotebor"]
[BlackTeam "SK Slavia Orlova"]
[EventDate "2024.10.20"]

1. d4 Nf6 2. c4 e6 3. Nf3 b6 4. g3 Ba6 5. Qc2 c5 6. d5 exd5 7. cxd5 Bb7 8. Bg2
Nxd5 9. O-O Be7 10. Rd1 Nc6 11. Qa4 Nf6 12. Nh4 O-O 13. Nf5 Re8 14. Nc3 h6 15.
Bf4 Bf8 16. Nb5 Na5 17. Bxb7 Nxb7 18. Nc7 Re4 19. Qa6 Na5 20. Nxa8 Qxa8 21.
Bd6 Nc6 22. Rd2 Re6 23. Bxf8 Qxf8 24. Rad1 d5 25. Qb7 g6 26. Nh4 Qe8 27. e3
Re7 28. Qa6 Nb4 29. Qa3 a5 30. b3 Qc6 31. Qb2 Ne4 32. Re2 Ng5 33. f3 Kh7 34.
a3 Na6 35. Kf2 Qe6 36. Qd2 Nc7 37. Qd3 Qf6 38. Kg2 Re8 39. e4 dxe4 40. fxe4
Nce6 41. e5 Qe7 1/2-1/2

[Event "1. liga V 24/25, Chotebor-Orlova"]
[Site ""]
[Date "2025.03.23"]
[Round "10.2"]
[White "Tomaszewski, Kacper"]
[Black "Vesely, Vitek"]
[Result "1-0"]
[WhiteFideId "1127373"]
[BlackFideId "348880"]
[WhiteElo "2332"]
[BlackElo "2175"]
[PlyCount "0"]
[WhiteTeam "SK Slavia Orlova"]
[BlackTeam "TJ CHS Chotebor"]
[EventDate "2024.10.20"]

1. d4 Nf6 2. c4 e6 3. Nf3 b6 4. Nc3 Bb7 5. Bg5 h6 6. Bh4 Bb4 7. Qb3 Qe7 8. e3
O-O 9. Bd3 c5 10. a3 Bxc3+ 11. Qxc3 d6 12. O-O Bxf3 13. gxf3 Nbd7 14. f4 cxd4
15. Qxd4 e5 16. Qe4 Rfe8 17. Qg2 exf4 18. exf4 Qe6 19. Rad1 Rac8 20. b4 Kh8
21. Rd2 g6 22. h3 d5 23. cxd5 Qd6 24. Bg3 Nh5 25. f5 Nxg3 26. Qxg3 Ne5 27.
fxg6 fxg6 28. Bb5 Re7 29. f4 Nc4 30. Qc3+ Kh7 31. Rd4 Qf6 32. Bxc4 Rec7 33. d6
Rxc4 34. Rxc4 Qxc3 35. Rxc3 Rxc3 36. Rd1 Rc8 37. d7 Rd8 38. Rd6 Kg7 39. Kf2
Kf7 40. Ke3 Ke7 41. Rxg6 Kxd7 42. Rxh6 Rc8 43. Kd4 Rf8 44. Ke5 Re8+ 45. Kd5
Re3 46. Rh7+ Kd8 47. Rxa7 Rxh3 48. f5 Rh6 49. b5 Rf6 50. Ke5 Rh6 51. a4 Kc8
52. f6 Kd8 53. f7 Kc8 54. f8=Q# 1-0

[Event "1. liga V 24/25, Chotebor-Orlova"]
[Site ""]
[Date "2025.03.23"]
[Round "10.3"]
[White "Jun, Rudolf"]
[Black "Sramek, Vojtech"]
[Result "1-0"]
[WhiteFideId "376612"]
[BlackFideId "358681"]
[WhiteElo "2241"]
[BlackElo "2233"]
[PlyCount "0"]
[WhiteTeam "TJ CHS Chotebor"]
[BlackTeam "SK Slavia Orlova"]
[EventDate "2024.10.20"]

1. e4 c5 2. Nf3 d6 3. g3 Nc6 4. Bg2 g6 5. O-O Bg7 6. Re1 e5 7. h3 Nge7 8. c3
O-O 9. Na3 h6 10. Nc2 d5 11. exd5 Nxd5 12. d4 exd4 13. cxd4 c4 14. Ne5 Nxe5
15. dxe5 Ne7 16. Ne3 Qxd1 17. Rxd1 Nc6 18. f4 Be6 19. Bd2 Rfd8 20. Bc3 Bf8 21.
Nd5 Rac8 22. a4 Kg7 23. g4 Bc5+ 24. Kh2 Bd4 25. Bxd4 Bxd5 26. Bc3 Bxg2 27.
Kxg2 Ne7 28. Kf3 Nd5 29. Ke4 Nxc3+ 30. bxc3 a6 31. Rd6 b5 32. axb5 axb5 33.
Rb1 Rb8 34. f5 g5 35. Rxb5 Rxd6 36. Rxb8 Rd3 37. f6+ Kh7 38. e6 1-0

[Event "1. liga V 24/25, Chotebor-Orlova"]
[Site ""]
[Date "2025.03.23"]
[Round "10.4"]
[White "Husek, Martin"]
[Black "Lang, Simon"]
[Result "1-0"]
[WhiteFideId "384054"]
[BlackFideId "23712449"]
[WhiteElo "2236"]
[BlackElo "2205"]
[PlyCount "0"]
[WhiteTeam "SK Slavia Orlova"]
[BlackTeam "TJ CHS Chotebor"]
[EventDate "2024.10.20"]

1. d4 Nf6 2. c4 g6 3. Nc3 Bg7 4. e4 d6 5. Nf3 O-O 6. Bd3 e5 7. d5 a5 8. h3 Na6
9. Bg5 h6 10. Be3 Nc5 11. Bc2 Nh5 12. Qd2 g5 13. O-O-O f5 14. exf5 Bxf5 15.
Bxf5 Rxf5 16. Bxc5 dxc5 17. Ne4 Rf4 18. Qe2 Nf6 19. Nxc5 Qd6 20. Ne6 Re8 21.
c5 Qd7 22. Nxf4 exf4 23. Qc4 Ne4 24. Rhe1 Nxf2 25. c6 Qd8 26. d6+ Kh8 27.
Rxe8+ Qxe8 28. Re1 Qf8 29. d7 Qf6 30. Re8+ Kh7 31. Qc2+ 1-0

[Event "1. liga V 24/25, Chotebor-Orlova"]
[Site ""]
[Date "2025.03.23"]
[Round "10.5"]
[White "Ondracek, Ondrej"]
[Black "Radzimski, Antoni"]
[Result "0-1"]
[WhiteFideId "325708"]
[BlackFideId "21052476"]
[WhiteElo "2096"]
[BlackElo "2224"]
[PlyCount "0"]
[WhiteTeam "TJ CHS Chotebor"]
[BlackTeam "SK Slavia Orlova"]
[EventDate "2024.10.20"]

1. e4 c5 2. Nf3 g6 3. d4 cxd4 4. Nxd4 Bg7 5. g3 Nc6 6. Ne2 Nf6 7. Bg2 O-O 8.
Nbc3 Rb8 9. a4 a6 10. O-O b5 11. axb5 axb5 12. Nd5 d6 13. h3 Nd7 14. c3 e6 15.
Ndf4 Qc7 16. Be3 b4 17. Qc2 bxc3 18. bxc3 Nde5 19. Rfc1 Bd7 20. Bd4 Rfc8 21.
Qa2 Qd8 22. Qa6 Ra8 23. Qb6 Qxb6 24. Bxb6 Nc4 25. Be3 Nxe3 26. fxe3 Ne5 27.
Rxa8 Rxa8 28. Rd1 Ra6 29. Rd4 Kf8 30. Rb4 Ra3 31. Rb7 Ke7 32. Kf2 g5 33. Nh5
Nd3+ 34. Kf3 Bxc3 35. Nxc3 Rxc3 36. Kg4 h6 0-1

[Event "1. liga V 24/25, Chotebor-Orlova"]
[Site ""]
[Date "2025.03.23"]
[Round "10.6"]
[White "Kostka, Vit"]
[Black "Tuma, Jiri"]
[Result "1/2-1/2"]
[WhiteFideId "349232"]
[BlackFideId "318337"]
[WhiteElo "2203"]
[BlackElo "2260"]
[PlyCount "0"]
[WhiteTeam "SK Slavia Orlova"]
[BlackTeam "TJ CHS Chotebor"]
[EventDate "2024.10.20"]

1. e4 c5 2. Nf3 Nc6 3. d4 cxd4 4. Nxd4 Nf6 5. Nc3 e5 6. Ndb5 d6 7. Bg5 a6 8.
Na3 b5 9. Nd5 Be7 10. Bxf6 Bxf6 11. c3 Bg5 12. Nc2 Rb8 13. h4 Bh6 14. a4
1/2-1/2

[Event "1. liga V 24/25, Chotebor-Orlova"]
[Site ""]
[Date "2025.03.23"]
[Round "10.7"]
[White "Vala, Filip"]
[Black "Lojek, Marek"]
[Result "0-1"]
[WhiteFideId "325490"]
[BlackFideId "358649"]
[WhiteElo "2103"]
[BlackElo "2127"]
[PlyCount "0"]
[WhiteTeam "TJ CHS Chotebor"]
[BlackTeam "SK Slavia Orlova"]
[EventDate "2024.10.20"]

1. d4 Nf6 2. Nf3 d5 3. c4 c6 4. Nc3 e6 5. cxd5 exd5 6. Bg5 Nbd7 7. e3 Bd6 8.
Bd3 O-O 9. O-O Re8 10. a3 Nf8 11. b4 h6 12. Bh4 Ng6 13. Bg3 Bxg3 14. hxg3 Ne4
15. Bxe4 dxe4 16. Nd2 f5 17. b5 Qa5 18. Qb3+ Be6 19. Qb4 Qxb4 20. axb4 Rec8
21. Rfc1 Ne7 22. bxc6 Rxc6 23. b5 Rcc8 24. Na4 Rxc1+ 25. Rxc1 Rc8 26. Rxc8+
Nxc8 27. g4 g6 28. Nc5 Bd5 29. gxf5 gxf5 30. g4 Nd6 31. gxf5 b6 32. Nd7 Kf7
33. f3 exf3 34. Kf2 Ke7 35. Ne5 Kf6 36. e4 Nxe4+ 37. Nxe4+ Bxe4 38. Nc6 a5 39.
Ke3 Bxf5 40. d5 Bd7 41. Kxf3 Bxc6 42. bxc6 Ke7 43. Ke4 Kd6 44. Kf5 a4 45. Kf6
a3 46. c7 Kxc7 47. Ke7 a2 48. d6+ Kc6 49. d7 a1=Q 50. d8=Q Qe5+ 0-1

[Event "1. liga V 24/25, Chotebor-Orlova"]
[Site ""]
[Date "2025.03.23"]
[Round "10.8"]
[White "Novak, Jiri"]
[Black "Sukdolak, Radek"]
[Result "0-1"]
[WhiteFideId "312088"]
[BlackFideId "361283"]
[WhiteElo "1824"]
[BlackElo "2007"]
[PlyCount "0"]
[WhiteTeam "SK Slavia Orlova"]
[BlackTeam "TJ CHS Chotebor"]
[EventDate "2024.10.20"]

1. e4 e5 2. Nf3 Nc6 3. Bc4 Bc5 4. c3 Nf6 5. d3 h6 6. O-O Bb6 7. b4 a6 8. Be3
O-O 9. Bxb6 cxb6 10. b5 axb5 11. Bxb5 d5 12. exd5 Qxd5 13. Bc4 Qc5 14. Re1 Bg4
15. h3 Bh5 16. Re3 Rfd8 17. Qe1 Bxf3 18. gxf3 Nd5 19. Bxd5 Qxd5 20. Qe2 Rd6
21. Kh2 Rg6 22. Nd2 b5 23. Nb3 Ra4 24. Re4 f5 25. Rxa4 bxa4 26. Nc1 Qd8 27.
Qe3 Qh4 28. Ne2 f4 29. Qb6 Kh7 30. Rg1 Ne7 31. Qa7 Rxg1 32. Nxg1 Ng6 33. Kg2
Qg5+ 34. Kf1 Nh4 35. Qxb7 Qg2+ 36. Ke2 Qxg1 37. Qe4+ Ng6 38. Qxa4 Qh1 39. Qd7
Qb1 40. a4 Qc2+ 41. Kf1 Qd1+ 42. Kg2 Nh4+ 43. Kh2 Qxf3 44. Qg4 Qxf2+ 45. Kh1
Ng6 46. a5 Qf1+ 47. Qg1 Qxd3 48. Qa1 Nh4 0-1

[Event "1. liga V 24/25, Grygov-Poruba"]
[Site ""]
[Date "2025.03.23"]
[Round "10.1"]
[White "Biolek, Richard"]
[Black "Niedbala, Bartlomiej"]
[Result "1/2-1/2"]
[WhiteFideId "319996"]
[BlackFideId "21834008"]
[WhiteElo "2405"]
[BlackElo "2377"]
[PlyCount "0"]
[WhiteTeam "A64 PROCLIENT Grygov"]
[BlackTeam "SK Slavoj Poruba B"]
[EventDate "2024.10.20"]

1. e4 c5 2. Nf3 d6 3. d4 cxd4 4. Nxd4
Nf6 5. Nc3 a6 6. Bg5 e6 7. f4 h6 8. Bh4 Nbd7 9. Qf3 e5 10. Nf5 exf4 11. Qxf4
g5 12. Nxd6+ Bxd6 13. Qxd6 gxh4 14. e5 Ng4 15. Nd5 Qg5 16. Nc7+ Kd8 17. Nxa8
Qe3+ 18. Be2 Qf2+ 19. Kd2 Qe3+ 20. Ke1 Qf2+ 1/2-1/2